Giáo trình xử lý ảnh Photoshop CS5 dành cho người tự học

Trình bày nội dung về Photoshop CS5 : tổng quan, làm quen, công cụ tạo vùng chọn, hiệu chỉnh vùng chọn, chọn vùng bằng Color Range, kênh và mặt nạ, bài tập tổng hợp.

Guardat en:
Dades bibliogràfiques
Autor principal: Đỗ, Lê Thuận
Format: Llibre
Idioma:Undetermined
Publicat: Hà Nội Hồng Đức 2011
Matèries:
Etiquetes: Afegir etiqueta
Sense etiquetes, Sigues el primer a etiquetar aquest registre!
Thư viện lưu trữ: Trung tâm Học liệu Trường Đại học Cần Thơ
LEADER 00996nam a2200217Ia 4500
001 CTU_174227
008 210402s9999 xx 000 0 und d
020 |c 64000 
082 |a 006.686 
082 |b Th502/T.1 
100 |a Đỗ, Lê Thuận 
245 0 |a Giáo trình xử lý ảnh Photoshop CS5 dành cho người tự học 
245 0 |c Đỗ Lê Thuận, Võ Duy Thanh Tâm, Phạm Quang Huy 
260 |a Hà Nội 
260 |b Hồng Đức 
260 |c 2011 
520 |a Trình bày nội dung về Photoshop CS5 : tổng quan, làm quen, công cụ tạo vùng chọn, hiệu chỉnh vùng chọn, chọn vùng bằng Color Range, kênh và mặt nạ, bài tập tổng hợp. 
650 |a Photography,Nhiếp ảnh,Image processing,Xử lý ảnh 
650 |x Digital techniques,Kỹ thuật số 
904 |i Nguyễn Trung Hiếu, Hải 
980 |a Trung tâm Học liệu Trường Đại học Cần Thơ